España o Portugal - Estadísticas

Estadísticas generales
  • Esta prueba ha sido intentada 214 veces
    205 desde el último reinicio
  • La puntuación promedio es 11 de 15
Estadísticas de respuestas
Pregunta Respuesta % Correcto
¿Qué país es más grande por área? España
100%
¿Qué país tiene menos población? Portugal
97%
¿Qué país todavía tiene una familia real? España
95%
¿Qué país tiene más PIB? España
94%
¿Qué país tiene más éxito a nivel internacional en el fútbol? España
90%
¿Qué país limita únicamente con el Océano Atlántico? Portugal
90%
¿Qué país tiene más sitios de la UNESCO? España
89%
¿Qué país es más montañoso? España
89%
¿Qué país tiene mejor IDH? España
73%
¿En qué país han ganado más Ballon Dor por sus jugadores? Portugal
71%
¿Qué país tiene más PIB per cápita? España
67%
¿Qué país tiene más cristianos por porcentaje? Portugal
54%
¿Qué país tiene más islas? España
43%
¿Qué país se unió primero a la OTAN? Portugal
41%
¿Qué país tiene manos islas habitadas? España
27%
No se encontraron pruebas coincidentes
Distribución de puntuación
Porcentaje de gente con cada puntuación
Porcentaje por número respondido
Historial de tus puntuaciones
No has intentado esta prueba desde el último reinicio